| 000 | 00623nam a2200205 a 4500 | ||
|---|---|---|---|
| 001 | 000023673 | ||
| 005 | 20200930022403.0 | ||
| 008 | 101218s1985 sp 001 0 spa d | ||
| 020 | _a8420511307 | ||
| 040 |
_aDO-SdBNP _bspa _cBNPHU |
||
| 082 |
_ann* _bnn* |
||
| 100 | 1 |
_aGonzález de Buitrago, J. M. _948770 |
|
| 245 | 1 | 0 |
_aTécnicas de laboratorio clínico / _cJ. M. González de Buitrago. |
| 260 |
_aMadrid : _bAlhambra, _c1985. |
||
| 300 |
_a187 p. : _bil. ; _c20 cm. |
||
| 490 | 1 | _aCiencias de la Enfermería | |
| 505 | 0 | _aIncluye índice analítico. | |
| 830 | 0 |
_aCiencias de la Enfermería _948771 |
|
| 049 | _aBNGR | ||
| 999 |
_c23169 _d23169 |
||